<?xml version="1.0" encoding="UTF-8"?><?xml-stylesheet type="text/xsl" href="static/style.xsl"?><OAI-PMH xmlns="http://www.openarchives.org/OAI/2.0/" xmlns:xsi="http://www.w3.org/2001/XMLSchema-instance" xsi:schemaLocation="http://www.openarchives.org/OAI/2.0/ http://www.openarchives.org/OAI/2.0/OAI-PMH.xsd"><responseDate>2026-04-13T01:03:51Z</responseDate><request verb="GetRecord" identifier="oai:www.recercat.cat:10230/44507" metadataPrefix="marc">https://recercat.cat/oai/request</request><GetRecord><record><header><identifier>oai:recercat.cat:10230/44507</identifier><datestamp>2025-12-26T11:22:47Z</datestamp><setSpec>com_2072_6</setSpec><setSpec>col_2072_452952</setSpec></header><metadata><record xmlns="http://www.loc.gov/MARC21/slim" xmlns:dcterms="http://purl.org/dc/terms/" xmlns:xsi="http://www.w3.org/2001/XMLSchema-instance" xmlns:doc="http://www.lyncode.com/xoai" xsi:schemaLocation="http://www.loc.gov/MARC21/slim http://www.loc.gov/standards/marcxml/schema/MARC21slim.xsd">
   <leader>00925njm 22002777a 4500</leader>
   <datafield ind2=" " ind1=" " tag="042">
      <subfield code="a">dc</subfield>
   </datafield>
   <datafield ind2=" " ind1=" " tag="720">
      <subfield code="a">Morales, Oscar Alberto</subfield>
      <subfield code="e">author</subfield>
   </datafield>
   <datafield ind2=" " ind1=" " tag="720">
      <subfield code="a">Perdomo, Bexi</subfield>
      <subfield code="e">author</subfield>
   </datafield>
   <datafield ind2=" " ind1=" " tag="720">
      <subfield code="a">Cassany, Daniel</subfield>
      <subfield code="e">author</subfield>
   </datafield>
   <datafield ind2=" " ind1=" " tag="720">
      <subfield code="a">Izarra, Élix</subfield>
      <subfield code="e">author</subfield>
   </datafield>
   <datafield ind2=" " ind1=" " tag="260">
      <subfield code="c">2020-05-12T08:33:46Z</subfield>
   </datafield>
   <datafield ind2=" " ind1=" " tag="260">
      <subfield code="c">2020-05-12T08:33:46Z</subfield>
   </datafield>
   <datafield ind2=" " ind1=" " tag="260">
      <subfield code="c">2020</subfield>
   </datafield>
   <datafield ind2=" " ind1=" " tag="520">
      <subfield code="a">Los trabajos de grado y posgrado y las tesis de doctorado tienen un rol fundamental en la cultura académica, al diseminar resultados de investigación y fortalecer la comunicación científica. En estudios de Odontología hispanoamericana y española, se deben presentar para obtener el título de odontólogo, dentista, máster o doctor. Debido a esto, existen propuestas para enseñar a escribir este género a esta comunidad. Generalmente, predominan instructivos y cursos prescriptivos que no se basan en evidencia científica de la cultura disciplinar. Desde el análisis del discurso, se han realizado numerosos estudios sobre el género “tesis” en distintas modalidades, disciplinas y lenguas, pero no hay publicaciones sobre tesis y trabajos de grado en Odontología en español. De aquí que, utilizando el modelo swalesiano de análisis de género, este estudio mixto analiza la estructura retórica de 272 trabajos de grado y tesis presentados en universidades hispanoamericanas y españolas, y publicados en la web entre 2000 y 2018. Los resultados muestran que no existe un formato estándar. Esto es, hay variaciones relevantes en las secciones incluidas y en su organización. Estas variaciones podrían estar asociadas, entre otros factores, a la ausencia de programas de escritura académica que estén basados en la práctica real de la comunidad discursiva de Odontología. Por ello, se sugiere que en estos programas se formalice la enseñanza de la escritura académica basada en evidencia científica.</subfield>
   </datafield>
   <datafield ind2=" " ind1=" " tag="520">
      <subfield code="a">Bachelor and master’s thesis or doctoral dissertations play an essential role in scholarship, by spreading research results and strengthening scientific communication. In Iberoamerican universities, these are requisites to get bachelors, masters, and doctor’s degrees in Dentistry. Therefore, there are several proposals to teach this genre to this community. Nonetheless these mostly consist of instructional and prescriptive courses overlooking scientific evidence coming from the disciplinary culture. In the field of discourse analysis, many studies have been conducted on the “thesis” genre in various modalities, disciplines, and languages. However, to date, there are not any research studies on theses or dissertations on Dentistry in the Spanish language. Hence, this article reports on an analysis of the rhetorical structure of 272 Spanish-language theses and dissertations presented in Iberoamerican universities, and published on line between 2000 and 2018. The results show there is no standard format. That is, there are relevant variations in terms of which sections were included and how they were organized. These variations may be associated to the lack of academic writing programs based on real-life practice within Dentistry’s discourse community, among others. Therefore, an evidence-based teaching of academic writing is suggested within the discipline of Dentistry.</subfield>
   </datafield>
   <datafield ind2=" " ind1=" " tag="520">
      <subfield code="a">Este trabajo forma parte de un proyecto de investigación más amplio que estudia, con la perspectiva del análisis de género, tesis y trabajos de grado odontológicos escritos en español, titulado “Estructura retórica de tesis y trabajos de grado odontológicos hispanoamericanos”, financiado por el Consejo de Desarrollo Científico, Humanístico, Tecnológico y de las Artes de la Universidad de Los Andes, Venezuela (2015-2019). Código O-307-15-06-A.</subfield>
   </datafield>
   <datafield tag="653" ind2=" " ind1=" ">
      <subfield code="a">Escritura académica</subfield>
   </datafield>
   <datafield tag="653" ind2=" " ind1=" ">
      <subfield code="a">Análisis de género</subfield>
   </datafield>
   <datafield tag="653" ind2=" " ind1=" ">
      <subfield code="a">Tesis</subfield>
   </datafield>
   <datafield tag="653" ind2=" " ind1=" ">
      <subfield code="a">Trabajo de grado</subfield>
   </datafield>
   <datafield tag="653" ind2=" " ind1=" ">
      <subfield code="a">Estructura retórica</subfield>
   </datafield>
   <datafield tag="653" ind2=" " ind1=" ">
      <subfield code="a">Odontología</subfield>
   </datafield>
   <datafield tag="653" ind2=" " ind1=" ">
      <subfield code="a">Academic writing</subfield>
   </datafield>
   <datafield tag="653" ind2=" " ind1=" ">
      <subfield code="a">Genre analysis</subfield>
   </datafield>
   <datafield tag="653" ind2=" " ind1=" ">
      <subfield code="a">Thesis</subfield>
   </datafield>
   <datafield tag="653" ind2=" " ind1=" ">
      <subfield code="a">Rhetorical structure</subfield>
   </datafield>
   <datafield tag="653" ind2=" " ind1=" ">
      <subfield code="a">Dentistry</subfield>
   </datafield>
   <datafield tag="653" ind2=" " ind1=" ">
      <subfield code="a">Écriture académique</subfield>
   </datafield>
   <datafield tag="653" ind2=" " ind1=" ">
      <subfield code="a">Analyse des genres</subfield>
   </datafield>
   <datafield tag="653" ind2=" " ind1=" ">
      <subfield code="a">Thèses</subfield>
   </datafield>
   <datafield tag="653" ind2=" " ind1=" ">
      <subfield code="a">Travaux de thèse</subfield>
   </datafield>
   <datafield tag="653" ind2=" " ind1=" ">
      <subfield code="a">Structure rhétorique</subfield>
   </datafield>
   <datafield tag="653" ind2=" " ind1=" ">
      <subfield code="a">Odontologie</subfield>
   </datafield>
   <datafield ind2="0" ind1="0" tag="245">
      <subfield code="a">Estructura retórica de tesis y trabajos de grado en odontología: un estudio en Hispanoamérica y España</subfield>
   </datafield>
</record></metadata></record></GetRecord></OAI-PMH>